|
|
|
|
| LEADER |
00000nam0a2200000 4500 |
| 001 |
337562 |
| 005 |
20231102004949.0 |
| 035 |
|
|
|a (RuTPU)RU\TPU\book\364050
|
| 090 |
|
|
|a 337562
|
| 100 |
|
|
|a 20171108d1931 k y0rusy50 ca
|
| 101 |
0 |
|
|a rus
|a eng
|
| 102 |
|
|
|a RU
|
| 105 |
|
|
|a a z 000zy
|
| 200 |
1 |
|
|a Маршрутные геологические исследования по рр. Уссою, М. и Б. Амалату, Ципи и Витиму (по материалам А. А. Демина)
|f Ю. Ир. Половинкина
|g СССР, Главное геологоразведочное управление (ГГРУ) ; Институт геологической карты
|
| 210 |
|
|
|a Москва
|a Ленинград
|c Геологическое изд-во
|d 1931
|
| 215 |
|
|
|a 200 с.
|c ил.
|e 1 карта
|
| 225 |
1 |
|
|a Труды Главного геолого-разведочного управления ВСНХ СССР
|v Вып. 32
|
| 423 |
|
|
|t Геологические исследования в системах рр. Ципи и Муи
|f Н. И. Свитальский, Ю. Ир. Половинкина
|a Свитальский, Николай Игнатьевич
|
| 606 |
1 |
|
|a Геология
|y Сибирь
|2 stltpush
|3 (RuTPU)RU\TPU\subj\68833
|9 83954
|
| 610 |
1 |
|
|a библиотека М. А. Усова
|
| 610 |
1 |
|
|a геологические исследования
|
| 610 |
1 |
|
|a реки
|
| 610 |
1 |
|
|a орография
|
| 610 |
1 |
|
|a петрография
|
| 610 |
1 |
|
|a горные породы
|
| 610 |
1 |
|
|a осадочные породы
|
| 675 |
|
|
|a 55(571.1/.5)
|v 4
|
| 700 |
|
1 |
|a Половинкина
|b Ю. Ир.
|g Юлия Иринарховна
|
| 712 |
0 |
1 |
|a СССР
|b Главное геологоразведочное управление (ГГРУ)
|c (1928-1931)
|2 stltpush
|3 (RuTPU)RU\TPU\col\18482
|
| 712 |
0 |
2 |
|a Институт геологической карты
|c (Ленинград)
|c (1929-1931)
|2 stltpush
|3 (RuTPU)RU\TPU\col\23342
|9 28297
|
| 801 |
|
1 |
|a RU
|b 63413507
|c 20171108
|
| 801 |
|
2 |
|a RU
|b 63413507
|c 20180212
|g RCR
|
| 942 |
|
|
|c BK
|